A galaxy of Bharat ratans / (Record no. 55069)

MARC details
000 -LEADER
fixed length control field 01056nam a22002297a 4500
005 - DATE AND TIME OF LATEST TRANSACTION
control field 20110809123336.0
010 ## - LCCN (DPL NO)
LC control number B-425147-148
020 ## - INTERNATIONAL STANDARD BOOK NUMBER
International Standard Book Number 9788174454386
Terms of availability 950.00
035 ## - SYSTEM CONTROL NUMBER
System control number B-425147-148
037 ## - SOURCE OF ACQUISITION
Source of stock number/acquisition Researchco Book Centre
082 ## - DEWEY DECIMAL CLASSIFICATION NUMBER
Classification number 920
100 ## - MAIN ENTRY--PERSONAL NAME
Personal name Sharma, S.R.
245 ## - TITLE STATEMENT
Title A galaxy of Bharat ratans /
Statement of responsibility, etc S.R. Sharma
260 ## - PUBLICATION, DISTRIBUTION, ETC. (IMPRINT)
Place of publication, distribution, etc New Delhi
Name of publisher, distributor, etc Mohit Publications,
Date of publication, distribution, etc 2008.
270 ## - ADDRESS
Address 4675/21, Ansari Road
City New Delhi
Postal code 110002
300 ## - PHYSICAL DESCRIPTION
Extent viii, 291 p.
Dimensions 22 cm (Hb)
500 ## - GENERAL NOTE
General note Includes index
942 ## - ADDED ENTRY ELEMENTS (KOHA)
Source of classification or shelving scheme Dewey Decimal Classification
Item type English Books
Classification part 920
Call number suffix SHA
Holdings
Withdrawn status Lost status Not for loan Collection code Home library Current library Date acquired Source of acquisition Cost, normal purchase price Full call number Barcode Copy number Cost, replacement price Koha item type Public note
      Non-fiction Central Library Central Library 10/08/2011 Researchco Book Centre/RBC-22386/2011-12/14.3.11/76/4.3.11/23.3.11 950.00 920 SHA B-425147 1 950.00 English Books Legal Case (Register No. 29)
      Non-fiction Sarojini Nagar Sarojini Nagar 10/08/2011 Researchco Book Centre/RBC-22386/2011-12/14.3.11/76/4.3.11/23.3.11 950.00 920 SHA B-425148 1 950.00 English Books  

© Delhi Public Library
Hit Counter
free hit counter